เปลี่ยนเป็นภาษาไทย

Change to English
 แสดงรายละเอียดบรรณานุกรม
  กลับหน้าหลัก

Brief Record : Get Marc (ISO 2709) : E-mail record : QR code กลับ
E-books : เกี่ยวกับ Collections
LEADER 00000nam 2200000uu 4500
001    13399128791
003     BCNR
008    260506s2568||||th 000 0 tha d
020    ^a9786166210705
041    ^atha
060  4 ^aWY100^bท444ก 2568
100 0  ^aทิตยาวดี อินทรางกูร
245 00 ^aการรักษาโรคเบื้องต้น =^bPrimary medical care /^cทิตยาวดี อินทรางกูร
246 31 ^aPrimary medical care
250    ^aพิมพ์ครั้งที่ 1
260    ^aกรุงเทพฯ :^bศูนย์หนังสือแห่งจุฬาลงกรณ์มหาวิทยาลัย,^c2568
300    ^a326 หน้า :^bตาราง ;^c26 ซม.
505 0  ^aบทที่ 1 แนวคิดและขอบเขตงานรักษาพยาบาลโรคเบื้องต้น -- บทที่ 2 กฎหมายที่เกี่ยวข้องกับพยาบาลเวชปฏิบัติทั่วไป (รักษาพยาบาลโรคเบื้องต้น) -- บทที่ 3 การประเมินภาวะสุขภาพและการเขียนบันทึกข้อมูลแบบวิธีการแก้ปัญหา -- บทที่ 4 การส่งตรวจและการแปลผลทางห้องปฏิบัติการ -- บทที่ 5 หลักการวินิจฉัยแยกโรค การวินิจฉัยแยกโรคและการรักษาพยาบาลเบื้องต้นตามกลุ่มอาการระบบทางเดินหายใจ อาการทางตา หู คอ จมูก -- บทที่ 6 การวินิจฉัยแยกโรคและการรักษาพยาบาลเบื้องต้นตามกลุ่มอาการระบบทางเดินอาหารและผิวหนัง -- บทที่ 7 การวินิจฉัยแยกโรคและการรักษาพยาบาลเบื้องต้นตามกลุ่มอาการ ระบบประสาท กล้ามเนื้อ กระดูกและข้อ ระบบโลหิตวิทยา หัวใจหลอดเลือด และระบบสืบพันธุ์ ทางเดินปัสสาวะ -- บทที่ 8 การวินิจฉัยแยกโรคและการรักษาพยาบาลเบื้องต้นด้านศัลยกรรม -- บทที่ 9 หลักการใช้ยาอย่างสมเหตุผล -- บทที่ 10 การวินิจฉัยโรคและรักษาโรคเบื้องต้น ด้านปัจจุบันพยาบาล : ภาวะฉุกเฉินวิกฤต อุบัติเหตุหมู่และการส่งต่อ -- บทที่ 11 การปฏิบัติการรักษาโรคเบื้องต้น
650  4 ^aการตรวจร่างกาย
650  4 ^aการวินิจฉัยโรคแยกโรค
650  4 ^aการวินิจฉัยโรคทางห้องปฏิบัติการ
650  4 ^aการวินิจฉัยทางการพยาบาล
999    ^aบรรณารักษ์
รายการนี้ยังไม่มีแท็ก
คุณยังไม่ได้ล็อกอิน คุณสามารถมีกิจกรรมร่วมกับเว็บไซต์ได้ แต่ต้องล็อกอินก่อน ::
  ล็อกอิน
ลำดับที่ ประเภท เลขเรียก/บาร์โค้ด สถานที่ สถานะ
1. หนังสือ
หนังสือ
WY100 ท444ก 2568 c.1 
  Barcode: 087830
ห้องสมุดสาขาหลัก
►หนังสือทั่วไป
On Shelf
2. หนังสือ
หนังสือ
WY100 ท444ก 2568 c.2 
  Barcode: 087831
ห้องสมุดสาขาหลัก
►หนังสือทั่วไป
On Shelf
3. หนังสือ
หนังสือ
WY100 ท444ก 2568 c.3 
  Barcode: 087832
ห้องสมุดสาขาหลัก
►หนังสือทั่วไป
On Shelf
4. หนังสือ
หนังสือ
WY100 ท444ก 2568 c.4 
  Barcode: 087833
ห้องสมุดสาขาหลัก
►หนังสือทั่วไป
On Shelf
5. หนังสือ
หนังสือ
WY100 ท444ก 2568 c.5 
  Barcode: 087834
ห้องสมุดสาขาหลัก
►หนังสือทั่วไป
On Shelf
6. หนังสือ
หนังสือ
WY100 ท444ก 2568 c.6 
  Barcode: 087835
ห้องสมุดสาขาหลัก
►หนังสือทั่วไป
On Shelf
7. หนังสือ
หนังสือ
WY100 ท444ก 2568 c.7 
  Barcode: 087836
ห้องสมุดสาขาหลัก
►หนังสือทั่วไป
On Shelf
8. หนังสือ
หนังสือ
WY100 ท444ก 2568 c.8 
  Barcode: 087837
ห้องสมุดสาขาหลัก
►หนังสือทั่วไป
On Shelf
9. หนังสือ
หนังสือ
WY100 ท444ก 2568 c.9 
  Barcode: 087838
ห้องสมุดสาขาหลัก
►หนังสือทั่วไป
On Shelf
10. หนังสือ
หนังสือ
WY100 ท444ก 2568 c.10 
  Barcode: 087839
ห้องสมุดสาขาหลัก
►หนังสือทั่วไป
On Shelf
   [แสดง 10/10 รายการ]

รายการใกล้เคียง
    ผู้แต่ง [ทิตยาวดี อินทรางกูร]

    หัวเรื่อง [การตรวจร่างกาย]
    หัวเรื่อง [การวินิจฉัยโรคแยกโรค]
    หัวเรื่อง [การวินิจฉัยโรคทางห้องปฏิบัติการ]
    หัวเรื่อง [การวินิจฉัยทางการพยาบาล]

BibComment


ยังไม่เคยถูกคอมเมนท์

คอมเมนท์ทรัพยากรรายการนี้
  คอมเมนท์: การรักษาโรคเบื้อ..
Bib 13399128791

 
 
 

 Union Library Management : ULibM
Copyright 2026. All Rights Reserved.